000 01157nam0a2200337 4500
001 RU\NLR\BIBL_A\022386853
005 20250114165546.0
010 _a978-5-04-201923-4
_92000
021 _aRU
_bКН-П-24-061222
_9КН-П-24-6081
035 _a(NLR Aleph) 022386853
090 _a13331246
_c13331246
100 _a20241121d2024 u y0rusy50 ca
101 0 _arus
102 _aRU
105 _aao z 000ay
181 0 _ai3
_baxxe
182 0 _an
200 1 _aЛукавый взор
_e[исторический любовный] роман
_fЕлена Арсеньева
203 _aТекст
_bвизуальный
_cнепосредственный
210 _aМосква
_cЭксмо
_d2024
215 _a509 с.
_cил.
_d17
225 1 _aРусская красавица
320 _aДр. произведения авт.: с. 2
333 _a16+
686 2 _aШ6(2=Р)8-440.4
700 1 _aАрсеньева
_bЕ. А.
_cписатель
_f1952-
_gЕлена Арсеньевна
_3RU\NLR\AUTH\77572
942 _cBOOK
980 _aNB